States That Border Oklahoma Quiz Stats

 Plays Quiz Updated Jun 20, 2017

Support Sporcle.
Go Orange.
Score 0/6 Timer 00:30
0 Plays Today
% Correct
Texas
97.8%
Kansas
89.4%
Arkansas
82.9%
Colorado
72.9%
Missouri
72.7%
New Mexico
70.7%

You're not logged in!

Compare scores with friends on all Sporcle quizzes.
OR
Log In
Forgot?

From the Vault

Click the Adriatic Sea Countries

by PrincessMartell

Thirty seconds doesn't leave you much time to get your sea legs.
Remove Ads.
Support Sporcle.
Get the best of Sporcle when you Go Orange. This ad-free experience offers more features, more stats, and more fun while also helping to support Sporcle. Thank you for becoming a member.

Show Comments

Extras

Top Quizzes Today


Score Distribution

Your Account Isn't Verified!

In order to create a playlist on Sporcle, you need to verify the email address you used during registration. Go to your Sporcle Settings to finish the process.

Report this User

Report this user for behavior that violates our Community Guidelines.

Details: